El oro del barroco : (Registro nro. 4396)

Detalles MARC
000 -LEADER
fixed length control field 01277nam a2200265Ia 4500
003 - CONTROL NUMBER IDENTIFIER
control field OSt
005 - DATE AND TIME OF LATEST TRANSACTION
control field 20250414154203.0
008 - FIXED-LENGTH DATA ELEMENTS--GENERAL INFORMATION
fixed length control field 191128s2002 ck er 000 f spa d
020 ## - INTERNATIONAL STANDARD BOOK NUMBER
International Standard Book Number 9587040317
040 ## - CATALOGING SOURCE
Original cataloging agency CO-JMCR
Transcribing agency CO-JMCR
041 ## - LANGUAGE CODE
Language code of text/sound track or separate title spa
082 04 - DEWEY DECIMAL CLASSIFICATION NUMBER
Classification number A-N
Item number GONo
100 1# - MAIN ENTRY--PERSONAL NAME
Personal name Gonzales, Aurelio,
Relator term compilador
9 (RLIN) 7141
245 13 - TITLE STATEMENT
Title El oro del barroco :
Remainder of title antología de textos en prosa de los siglos de oro /
250 ## - EDITION STATEMENT
Edition statement Primera edición
260 ## - PUBLICATION, DISTRIBUTION, ETC.
Place of publication, distribution, etc. Bogotá :
Name of publisher, distributor, etc. Alfaguara,
Date of publication, distribution, etc. 2002
300 ## - PHYSICAL DESCRIPTION
Extent 245 páginas ;
Dimensions 22 cm.
505 ## - FORMATTED CONTENTS NOTE
Formatted contents note El licenciado vidriera / Miguel de Cervantes -- La más prudente venganza / Lope de Vega -- El alguacil endemoniado / Francisco de Quevedo -- EL jardín engañoso / María de Zayas -- Crisis I / Baltasar Gracián -- Respuesta a Sor Filotea de la Cruz
520 ## - SUMMARY, ETC.
Summary, etc. ¿Cómo retratan la realidad los hombres de los siglos XVI y XVII? ¿Cuáles son sus preferencias y gustos artísticos? ¿De qué manera hace frente al malestar reinante y al desosiego individual en una época de transformaciones?
650 14 - SUBJECT ADDED ENTRY--TOPICAL TERM
Topical term or geographic name entry element Ensayos españoles
9 (RLIN) 7142
700 ## - ADDED ENTRY--PERSONAL NAME
Personal name Cervantes Saavedra, Miguel de
Relator term autor
9 (RLIN) 1492
700 ## - ADDED ENTRY--PERSONAL NAME
Personal name Zayas y Sotomayor, María de
Relator term autor
9 (RLIN) 7143
700 ## - ADDED ENTRY--PERSONAL NAME
Personal name Gracián y Morales, Baltasar
Relator term autor
9 (RLIN) 7144
942 ## - ADDED ENTRY ELEMENTS (KOHA)
Source of classification or shelving scheme Dewey Decimal Classification
Koha item type Books
Existencias
Withdrawn status Lost status Source of classification or shelving scheme Materials specified (bound volume or other part) Damaged status Not for loan Collection code Home library Current library Date acquired Source of acquisition Total Checkouts Full call number Barcode Date last seen Date last checked out Copy number Koha item type
    Dewey Decimal Classification Donación--15/10/2018--     Fiction Biblioteca Pública José María del Castillo y Rada Biblioteca Pública José María del Castillo y Rada 11/28/2019 Donación 1 A-N GONo 201809254 11/03/2022 11/03/2022 Ej.1 Books